书目信息 |
| 题名: |
植物衰老生理与分子生物学
|
|
| 作者: | ;沈成国 编著 ;中华人民共和国农业部教育司 主编 | |
| 分册: | ||
| 出版信息: | 北京 中国农业出版社 2001.09 |
|
| 页数: | 378页 | |
| 开本: | 21cm | |
| 丛书名: | 中国博士专著 | |
| 单 册: | ||
| 中图分类: | Q945.48 | |
| 科图分类: | ||
| 主题词: | 植物学--研究 , 植物--衰老--研究 | |
| 电子资源: | ||
| ISBN: | 7-109-06822-6 | |
| 000 | 01133nam 2200289 450 | |
| 001 | 010257582047 | |
| 005 | 20050913091851.40 | |
| 010 | @a7-109-06822-6@dCNY30.00 | |
| 100 | @a20050531d2001 km y0chiy0120 ea | |
| 101 | 0 | @achi |
| 102 | @aCN@b110000 | |
| 105 | @aa a 000yy | |
| 200 | 1 | @a植物衰老生理与分子生物学@Azhi wu shuai lao sheng li yu fen zi sheng wu xue@f中华人民共和国农业部教育司主编@Fzhong hua ren min gong he guo nong ye bu jiao yu si zhu bian@g沈成国等编著@Gshen cheng guo deng bian zhu |
| 210 | @a北京@c中国农业出版社@d2001.09 | |
| 215 | @a378页@c图@d21cm | |
| 225 | 2 | @a中国博士专著@i农业领域 |
| 320 | @a有书目。 | |
| 330 | @a本书既有作者自己多年的研究结果、结论和观点,又全面系统综合介绍了国际同行在植物衰老领域研究的新进展、新概念、新理论等。 | |
| 410 | 0 | @12001 @a中国博士专著 |
| 410 | 0 | @12001 @a农业领域 |
| 606 | 0 | @a植物学@x研究 |
| 606 | 0 | @a植物@x衰老@x研究 |
| 690 | @aQ945.48@v4 | |
| 702 | 0 | @a沈成国@Ashen cheng guo@4编著 |
| 711 | 02 | @a中华人民共和国农业部教育司@Azhong hua ren min gong he guo nong ye bu jiao yu si@4主编 |
| 801 | 0 | @aCN@bQSSK@c20050913 |
| 905 | @a10447@dQ945.48@eS381 | |
| 植物衰老生理与分子生物学/中华人民共和国农业部教育司主编/沈成国等编著.-北京:中国农业出版社,2001.09 |
| 378页:图;21cm.-(中国博士专著.农业领域) |
| ISBN 7-109-06822-6:CNY30.00 |
| 本书既有作者自己多年的研究结果、结论和观点,又全面系统综合介绍了国际同行在植物衰老领域研究的新进展、新概念、新理论等。 |
| ● |
| 相关链接 |
|
|
|
正题名:植物衰老生理与分子生物学
索取号:Q945.48/S381
 
预约/预借
| 序号 | 登录号 | 条形码 | 馆藏地/架位号 | 状态 | 备注 |
| 1 | 562742 | 205627428 | 自科库401/401自科库 35排1列5层/ [索取号:Q945.48/S381] | 在馆 | |
| 2 | 562743 | 205627437 | 自科库401/401自科库 35排1列5层/ [索取号:Q945.48/S381] | 在馆 |